000 00623nam a2200205Ia 4500
005 20250508150912.0
008 008 250505s9999 xx 000 0 eng d
037 _aBooks to be hide in OPAC
040 _aFEDL
_beng
_cFEDL
041 _aeng
_2eng
084 _a370.58, NAT/O
_qFEDL
100 _aHenry Nelson B
245 0 _aForty-eighth yearbook : Of the national society for the study of education
260 _aChicago
_bNational Society for the Study of Education
_c1949
300 _ax,350p
365 _aINR
_b16.1
490 _vPt 2
942 _cHB
_h370.58, NAT/O
999 _c1326387
_d1326387